Central Library OPAC University of Rajshahi

An introduction to mental measurement and its applications / (Record no. 31842)

MARC details
000 -LEADER
fixed length control field 00773nam a22002412 4500
001 - CONTROL NUMBER
control field 31842
003 - CONTROL NUMBER IDENTIFIER
rucl marc code BD-RjUL
005 - DATE AND TIME OF LATEST TRANSACTION
control field 20211209051745.0
008 - FIXED-LENGTH DATA ELEMENTS--GENERAL INFORMATION
fixed length control field 140422s1955 xx 001 0 eng
035 ## - SYSTEM CONTROL NUMBER
System control number OCLC ocm02350407 from D960906M
-- (BD-RjUL)
040 ## - CATALOGING SOURCE
Original cataloging agency DLC
Transcribing agency XFM
Modifying agency EQO
-- BD-RjUL
Language of cataloging eng
041 ## - LANGUAGE CODE
Language code of text/sound track or separate title eng
082 ## - DEWEY DECIMAL CLASSIFICATION NUMBER
Classification number 150.11
Author mark and year RII 1955
100 1# - MAIN ENTRY--PERSONAL NAME
Personal name Richardson, C. A.
Fuller form of name (Cyril Albert),
Dates associated with a name 1891-
9 (RLIN) 96921
245 13 - TITLE STATEMENT
Title An introduction to mental measurement and its applications /
Statement of responsibility, etc. by C. A.Richardson.
260 ## - PUBLICATION, DISTRIBUTION, ETC. (IMPRINT)
Place of publication, distribution, etc. London ;
-- New York :
Name of publisher, distributor, etc. Longmans, Green,
Date of publication, distribution, etc. 1955.
300 ## - PHYSICAL DESCRIPTION
Pagination 102 p. :
Illustrations illus. ;
Size 19 cm.
504 ## - BIBLIOGRAPHY, ETC. NOTE
Bibliography, etc Includes Index.
650 #0 - SUBJECT ADDED ENTRY--TOPICAL TERM
Topical term or geographic name as entry element Psychometrics.
9 (RLIN) 96922
942 ## - ADDED ENTRY ELEMENTS (KOHA)
Source of classification or shelving scheme Dewey Decimal Classification
Koha item type Books
Holdings
Lost status Source of classification or shelving scheme Damaged status Not for loan Collection code Permanent Location Current Location Shelving location Date acquired Source of acquisition Cost, normal purchase price Total Checkouts Full call number Date last seen Copy number Koha item type
  Dewey Decimal Classification   Not For Loan Non-fiction Central Library, University of Rajshahi Central Library, University of Rajshahi Reading Room 02/02/1956 Allis Book Cor. 6.14   150.11 RII 1955 22/04/2014 C-1 Books